| 000 | 00876nam a2200229Ia 4500 | ||
|---|---|---|---|
| 001 | 10200 | ||
| 003 | GE_BSU | ||
| 008 | 181216s||||||||xx |||||||||||||| ||und|| | ||
| 040 | _cGE_BSU | ||
| 080 | _a821.353.1+821.353.1-1 | ||
| 100 | _aტაბიძე,გალაქტიონ | ||
| 245 | _aთხზულებანი ორ წიგნად. ტ.1 ლექსები | ||
| 245 | _bლექსები | ||
| 245 | _cშეადგინა ვ.ჯავახაძემ.რედ.ნ.აბესაძე.მხატვ.ინა დივნოგორცევა–გრიგოლია | ||
| 260 | _aთბილისი | ||
| 260 | _bსაბჭოთა საქართველო | ||
| 260 | _c1988 | ||
| 300 | _a638გვ.21სმ. | ||
| 653 | _aთხზულებანი | ||
| 653 | _aლექსები | ||
| 942 | _cBK | ||
| 999 |
_c43469 _d43469 |
||